00688nam a2200229 a 4500001001300000003000900013005001700022008004100039020001000080082001500090100002300105245004400128260003400172300000800206500003500214650002400249700002300273902000800296942000700304952013000311999001700441nice12345678IN_TiNIC20260116015146.0070913s2005 dela grp 000 0 eng  ac10000a392.5bNAI aNaim An, Abdullahi aInter-Religious Marriages Among Muslims aDelhibGlobal Media Pubc2005 a00p aincludes index and biblioraphy aMarriage-Interfaith1 aNaim An, Abdullahi bSRS cBK 001040708StackRoom-aHMIbHMId2007-09-17g100.00l1o392.5 NAIp11001866r2022-03-22s2022-02-11v100.00w2007-09-13yBK c18552d18552